MARC

LEADER 00000nas a2200000 a 4500
001 ssj0000047
003 WaSeSS
005 20200512172242.0
006 m d
007 cr n
008 001020c19349999vauqx pss o 0 a0eng c
010 |a  2006236975 
015 |a GBB3B7215  |2 bnb 
016 7 |a 016583487  |2 Uk 
022 |a 1945-0087  |l 0027-4321  |y 0027-4321 
035 |a (WaSeSS)ssj0000047 
037 |b Sage Publications, 2455 Teller Rd., Thousand Oaks, CA 91320  |c $60.00 
040 |a HNK  |b eng  |c HNK  |d OCLCQ  |d EYM  |d HLS  |d NSD  |d OCLCQ  |d DLC  |d OCLCO  |d OCLCF  |d OCLCO  |d VT2  |d OCLCQ  |d NLE  |d GILDS  |d OCLCO  |d UKMGB  |d NJT  |d WaSeSS 
042 |a pcc  |a nsdp 
043 |a n-us--- 
050 1 4 |a ML1 
082 1 0 |a 780  |2 14 
130 0 |a Music educators journal (Online) 
210 0 |a Music educ. j.  |b (Online) 
222 0 |a Music educators journal  |b (Online) 
245 1 0 |a Music educators journal  |h [electronic resource]. 
260 |a Chicago, Ill. :  |b Music Educators National Conference,  |c 1934- 
310 |a 5 no. a year,  |b Sept. 2002- 
321 |a Six no. a year,  |b Sept. 1934-June/July 1966 
321 |a Monthly (except June-Aug.),  |b Sept. 1966-May 1993 
321 |a Bimonthly,  |b July 1993-May 2002 
362 0 |a Vol. 21, no. 1 (Sept. 1934)- 
500 |a Title from cover (JSTOR, viewed June 14, 2006). 
500 |a Published: Reston, Va. : MENC, the National Association for Music Education, Nov. 1998- 
506 |a License restrictions may limit access. 
538 |a Mode of access: World Wide Web. 
588 |a Latest issue consulted: Vol. 92, no. 4 (Mar. 2006) (JSTOR, viewed June 14, 2006). 
650 0 |a Music  |x Instruction and study  |z United States  |v Periodicals. 
650 7 |a Music  |x Instruction and study.  |2 fast  |0 (OCoLC)fst01030347 
651 7 |a United States.  |2 fast  |0 (OCoLC)fst01204155 
655 0 |a Electronic journals. 
710 2 |a Music Educators National Conference (U.S.) 
710 2 |a MENC, the National Association for Music Education (U.S.) 
776 1 |t Music educators journal  |x 0027-4321  |w (DLC) 88662967  |w (OCoLC)1639434 
780 0 0 |t Music supervisors' journal (Online)  |x 2329-0803  |w (DLC) 2006236976  |w (OCoLC)70103608 
856 4 0 |z Full text available from Research Library: 07/01/1999 to 06/30/2010  |u https://search.proquest.com/publication/41438